000 00465nam a2200169 a 4500
001 0000-8835
003 ELIB.Books
008 110520 1980
035 _a(ELIB.Books)0000-8981
082 _a241
_bSwi
100 _aSwindoll, Charles R.
245 _aThree steps forward two steps back
260 _bNashville: Thomas Nelson Publishers
_c1980
650 _aDictionary of Christian Ethics
942 _2ddc
_cBK
998 _cbat
_e2011-05-20
999 _c8835
_d8835